00547nam a2200181 a 45000010010000000030011000100080041000210350026000620820014000881000021001022450033001232600053001566500019002099420012002289520090002409980020003309990015003500000-9340ELIB.Books110520 0000  a(ELIB.Books)0000-9492 a248 bPoo aPoole, Arnold B. aWhen Your Faith Goes to Work bFlorida: The Pine Shores Presbyterian Church c0 aChristian Life 2ddccBK 00102ddc4070aKBTSbKBTSd2011-05-20l0p7722r2022-01-22 00:00:00w2022-01-22yBK cbate2011-05-20 c9340d9340